| 000 | 00631nam a2200217 a 4500 | ||
|---|---|---|---|
| 001 | 71039 | ||
| 003 | BD-RjUL | ||
| 005 | 20211209082054.0 | ||
| 008 | 170423s1987 bg ||||| |||| 00| 0 eng d | ||
| 035 | _a(BD-RjUL)71253 | ||
| 040 |
_aBD-RjUL _beng _cBD-RjUL |
||
| 041 | _aeng | ||
| 082 |
_223 _a352.63 _bLEA 1987 |
||
| 245 |
_aLeave Rules T. A. D. A. & Joining Time / _bCompiled by M. M. Al-Faruque |
||
| 260 |
_aDhaka : _bHosne ara faruque, _c1987. |
||
| 300 |
_a64 , [32] p. ; _c19 cm. |
||
| 650 |
_aCivil Services _9210521 |
||
| 650 |
_aPublic Administration _9210522 |
||
| 700 |
_a Al-Faruque, M. M. _9210175 |
||
| 942 |
_2ddc _cBK |
||
| 999 |
_c71039 _d71039 |
||